[Event "FRA-chT 0304 Regionale"]
[Site "Bretagne "]
[Date "2004.02.01"]
[Round "5"]
[White "Chwal, Joseph"]
[Black "Fleurance, Pierrick"]
[Result "0-1"]
[WhiteElo "1580"]
[BlackElo "1590"]
[PlyCount "110"]
[EventDate "2003.01.16"]
[EventType "team"]
[EventRounds "7"]
[EventCountry "FRA"]
[SourceTitle "EXT 2007"]
[Source "ChessBase"]
[SourceDate "2006.11.23"]
[SourceVersion "1"]
[SourceVersionDate "2006.11.23"]
[SourceQuality "1"]

1. d4 d5 2. c4 Nf6 3. Nc3 Bf5 4. Qb3 e6 5. Bf4 b6 6. Qa4+ Qd7 7. Bxc7 Qxa4 8. Nxa4 Bb4+ 9. Nc3 dxc4 10. a3 Bxc3+ 11. bxc3 Nd5 12. Bd6 Nxc3 13. e3 b5 14. f3 Kd7 15. Bb4 Na4 16. Ne2 Nc6 17. Bd2 a6 18. Nc3 Bc2 19. Be2 Rhd8 20. Nxa4 Bxa4 21. Bd1 Bxd1 22. Kxd1 Ke8 23. Kc2 f6 24. Bc3 Kf7 25. f4 g6 26. Rad1 Ne7 27. e4 f5 28. Rhe1 Rd7 29. Bb4 Nc6 30. Kc3 Rad8 31. Bc5 h6 32. e5 Rd5 33. Bd6 g5 34. g3 Rg8 35. Re2 gxf4 36. gxf4 Ne7 37. Bxe7 Kxe7 38. Rb2 h5 39. Rdd2 Rdd8 40. Rg2 Rg4 41. h3 Rxg2 42. Rxg2 Kf7 43. Rg5 h4 44. Rg2 Rg8 45. Rxg8 Kxg8 46. Kb4 Kf7 47. Kc3 Ke7 48. Kb4 Kd7 49. Kc3 Kc6 50. Kd2 Kd5 51. Ke3 a5 52. Kd2 Kxd4 53. Ke2 b4 54. axb4 axb4 55. Kd2 Ke4 0-1